| 000 | 00657nam a2200217Ii 4500 | ||
|---|---|---|---|
| 001 | 14242 | ||
| 003 | CO-ViMGA | ||
| 008 | 241108s9999||||xx |||||||||||||| ||und|| | ||
| 020 | _a9588025478 | ||
| 040 |
_aCO-ViMGA _bspa _erda _cCO-ViMGA |
||
| 041 | 0 | _aspa | |
| 082 | 0 | 4 | _a986.0001 - A71p |
| 100 | 1 |
_aRaúl Arango Ochoa _951518 |
|
| 245 | 1 | 0 | _aLos pueblos indígenas de Colombia en el umbral del nuevo milenio |
| 264 | 1 | _aBogotá, Colombia : Quebecor World, 2004 | |
| 300 | _avolumen | ||
| 336 |
_atext _btxt _2rdacontent |
||
| 337 |
_aunmediated _bn _2rdamedia |
||
| 338 |
_avolume _bnc _2rdacarrier |
||
| 940 | _aidficha_siabuc: 13939. -- ficha_no_siabuc:14242 | ||
| 999 |
_c46247 _d46247 |
||